Finance v přestavbě hospodářského mechanizmu

Bibliographic Details
Main Author: Šourek, Stanislav (Author)
Format: Article
Language:Czech
Subjects:

MARC

LEADER 00000nab a2200000 a 4500
001 vtls000323020
003 SK-MaSNL
005 20260303161254.0
008 230223c1988 xo 0 cze
015 |a SNBRB19rr/mm-uuuuu 
035 |a CL0323142 
035 |a urn:nbn:sk:snk-abbiac 
035 |a (urnnbn)urn:nbn:sk:snk:ar-a0am57 
035 |a (uuid)fcbebbc1-2e0d-49db-9464-6b49b76736a5 
040 |a SNKBUCL  |b slo  |c SNKBUCL  |e AACR2 
041 0 |a cze 
044 |a xo  |c SK 
080 |a 336:338.2(437)  |2 1981 
080 |a 338.2(437)  |2 1981 
100 1 |a Šourek, Stanislav  |4 aut  |9 745496 
245 1 0 |a Finance v přestavbě hospodářského mechanizmu  |c Stanislav Šourek 
650 0 7 |a mechanizmus hospodársky  |2 snkbucl  |9 385380 
650 0 7 |a financie  |2 snkbucl  |9 2205 
650 0 7 |a ČSSR  |2 snkbucl  |9 335647 
655 7 |a články z novín a časopisov  |2 snkbucl  |9 267496 
773 0 |t Technická práca  |g Roč. 40, č. 2 (1988), s. 31-33 
850 |a Slovenská národná knižnica v Martine  |a MTA001 
852 |a SNK  |b KIS3GCP 
958 |a OND 
958 |a RK 
958 |a CZ 
958 |a EUIPO 
958 |a article15 
992 |a RBX 
999 |c 2048831  |d 2050761